[Event "Challenge"]
[Site "http://www.queenalice.com/game.php?id=1868373"]
[Date "2026.1.23"]
[Round "-"]
[White "okiwiz"]
[Black "RAFAELI"]
[Result "1-0"]
[WhiteElo "1802"]
[BlackElo "1689"]

1. d4 e6 2. e3 Nf6 3. Bd3 c6 4. Nd2 Bd6 5. f4 g6 6. Ngf3 b5 7. O-O h6 8. Ne5
Bxe5 9. fxe5 Nh5 10. Qf3 Qe7 11. Ne4 O-O 12. Nd6 Ng7 13. e4 f6 14. Nxc8 Qd8 15.
Nd6 f5 16. exf5 g5 17. f6 Nf5 18. Bxf5 exf5 19. Qxf5 Kh8 20. Qg6 Qb6 21. Qg7#
1-0

[Event "Challenge"]
[Site "http://www.queenalice.com/game.php?id=1872442"]
[Date "2026.4.25"]
[Round "-"]
[White "Leanne"]
[Black "RAFAELI"]
[Result "0-1"]
[WhiteElo "1430"]
[BlackElo "1678"]

1. d4 e6 2. c4 Qf6 3. Nf3 h6 4. e3 Nc6 5. Be2 Bd6 6. O-O g5 7. b3 g4 8. Ne5 h5
9. f3 Bxe5 10. dxe5 Qxe5 11. fxg4 hxg4 12. Bxg4 Qxa1 13. Na3 Qxa2 14. Nb5 Qa5
15. Bd2 Qb6 16. Qf3 Nd8 17. Bc3 Rh7 18. Bd4 c5 19. Bf6 a6 20. Nc3 Qxb3 21. Qe4
Rh6 22. h3 Nxf6 23. Qf4 Qxc3 24. Qxh6 Nxg4 25. hxg4 Qxc4 0-1